| 000 -LEADER |
| fixed length control field |
00753nam a22001697a 4500 |
| 008 - FIXED-LENGTH DATA ELEMENTS--GENERAL INFORMATION |
| fixed length control field |
210609b ||||| |||| 00| 0 eng d |
| 020 ## - INTERNATIONAL STANDARD BOOK NUMBER |
| International Standard Book Number |
9782832228227 |
| 082 ## - DEWEY DECIMAL CLASSIFICATION NUMBER |
| Classification number |
623.893 |
| Item number |
IEC |
| 100 ## - MAIN ENTRY--PERSONAL NAME |
| Personal name |
International Electrotechnical Commission |
| 245 ## - TITLE STATEMENT |
| Title |
International standard : maritime navigation and radiocommunication equipment and systems--Electronic chart display and information system (ECDIS)--operational and performance requirements, methods of testing and required test results |
| 260 ## - PUBLICATION, DISTRIBUTION, ETC. (IMPRINT) |
| Place of publication, distribution, etc |
Geneva, Switzerland |
| Name of publisher, distributor, etc |
International Electrotechnical Commission |
| Date of publication, distribution, etc |
2015 |
| 300 ## - PHYSICAL DESCRIPTION |
| Extent |
225p. |
| 650 ## - SUBJECT ADDED ENTRY--TOPICAL TERM |
| Topical term or geographic name as entry element |
Electronics in navigation--Standards |
| 650 ## - SUBJECT ADDED ENTRY--TOPICAL TERM |
| Topical term or geographic name as entry element |
Digital mapping--Standards |
| 650 ## - SUBJECT ADDED ENTRY--TOPICAL TERM |
| Topical term or geographic name as entry element |
Telecommunication systems--Standards |
| 942 ## - ADDED ENTRY ELEMENTS (KOHA) |
| Item type |
Books |